Éléments des drapeaux - Vexillologie - Statistiques

Statistiques générales
  • Ce quiz a été pris 62 fois
    27 depuis la dernière actualisation
  • Le résultat moyen est 24 sur 29
Statistiques - réponses
Par images Réponse % Correct
Albanie
100%
Canada
100%
Chine
100%
Israël
100%
Liban
100%
Argentine
96%
Afghanistan
92%
Angola
92%
Barbade
92%
Bhoutan
92%
Égypte
92%
Pays de Galles
92%
Inde
88%
Mongolie
88%
Mozambique
88%
Sri Lanka
88%
Algérie
84%
Bretagne
84%
Kirghizistan
84%
URSS
84%
Ouganda
80%
Papouasie nouvelle guinée
76%
Uruguay
76%
Malawi
68%
Georgie
64%
Antigua et Barbuda
56%
Brunei
56%
Kazakhstan
56%
Kiribati
36%
Aucun quiz correspondant
Distribution des résultats
% des personnes avec chaque résultat
Percentile par nombre de réponses
Votre historique - résultats
Vous n’avez pas pris ce quiz depuis la dernière actualisation